Taylor Swift - Paroles Labyrinth - Statistiques

Statistiques générales
  • Ce quiz a été pris 42 fois
  • Le résultat moyen est 218 sur 254
Statistiques - réponses
Hint Réponse % Correct
a
100%
I
100%
love
100%
again
96%
falling
96%
in,
96%
in
96%
the
96%
this
96%
I'm
92%
Couplet 1 | Couplet 2 It
92%
it
92%
no,
92%
now
92%
oh,
92%
Oh
92%
Oh,
92%
right
92%
thought
92%
you
92%
Pré-refrain You
92%
around
88%
down
88%
going
88%
how
88%
hurts
88%
labyrinth
88%
last
88%
Lost
88%
much
88%
only
88%
plane
88%
to
88%
Was
88%
was
88%
hate
84%
me
84%
my
84%
of
84%
that
84%
can't
80%
feels
80%
just
80%
Just
80%
know
80%
like
80%
out
80%
thinking
80%
time
80%
turn
80%
what
80%
back
76%
be
76%
everybody
76%
mind
76%
whole
76%
Break
72%
break
72%
life
72%
scared
72%
through
72%
through,
72%
am
68%
bounce
64%
Breathe
64%
breathe
64%
expects
64%
getting
64%
if
64%
Never
64%
over
64%
smile
64%
up,
64%
your
64%
How'd
60%
I'll
60%
trust
60%
elevators
56%
fast
52%
make
52%
Refrain Uh
52%
rises
48%
would
48%
free,
44%
deep,
40%
raw
36%
Aucun quiz correspondant
Distribution des résultats
% des personnes avec chaque résultat
Percentile par nombre de réponses
Votre historique - résultats
Vous n’avez pas pris ce quiz